00243nam a2200097Ia 4500008004100000100001500041245002300056250001300079260004500092300000800137191201s2011 xx 000 0 und d aKHANNA, OP 0aFoundry Technology a15th Rep c2011bDhanpat Rai Pub (P) LtdaNew Delhi a833